[Event "Ho Chi Minh City HD Bank op 9th"]
[Site "Ho Chi Minh City"]
[Date "2019.03.08"]
[Round "2"]
[White "Ferriol, Gerald"]
[Black "Ilamparthi, AR."]
[Result "1/2-1/2"]
[WhiteElo "2031"]
[BlackElo "2177"]
[PlyCount "64"]
[EventDate "2019.03.07"]
[EventType "swiss"]
[EventRounds "9"]
[EventCountry "VIE"]
[SourceTitle "CBM 189 Extra"]
[Source "ChessBase"]
[SourceDate "2019.06.03"]
[SourceVersion "1"]
[SourceVersionDate "2019.06.03"]
[SourceQuality "1"]

1. e4 c5 2. Nf3 d6 3. d4 cxd4 4. Nxd4 Nf6 5. Nc3 g6 6. Be3 Bg7 7. f3 0-0 8. Qd2 Nc6 9. Bc4 Bd7 10. 0-0-0 Rb8 11. Bb3 Na5 12. Bh6 b5 13. h4 Nxb3+ 14. axb3 Qa5 15. h5 b4 16. Nb1 Nxh5 17. Bxg7 Kxg7 18. g4 Nf6 19. Qh6+ Kg8 20. g5 Nh5 21. f4 Rfc8 22. Rd2 e6 23. Ne2 Qc5 24. Ng3 Qe3 25. Rxh5 gxh5 26. Nxh5 Qe1+ 27. Rd1 Rxc2+ 28. Kxc2 Rc8+ 29. Nc3 Rxc3+ 30. bxc3 Qxc3+ 31. Kb1 Qxb3+ 32. Kc1 Qc3+ 1/2-1/2

[Event "Laos op"]
[Site "Vientiane"]
[Date "2018.01.04"]
[Round "3"]
[White "Tran, Nhat Phuong"]
[Black "Ferriol, Gerald"]
[Result "0-1"]
[WhiteElo "1521"]
[BlackElo "1932"]
[PlyCount "124"]
[EventDate "2018.01.03"]
[EventType "swiss"]
[EventRounds "9"]
[EventCountry "LAO"]
[SourceTitle "CBM 182 Extra"]
[Source "ChessBase"]
[SourceDate "2018.02.23"]
[SourceVersion "1"]
[SourceVersionDate "2018.02.23"]
[SourceQuality "1"]

1. d4 Nf6 2. Nf3 e6 3. Bg5 c5 4. e3 b6 5. Bd3 Bb7 6. Nbd2 Nc6 7. c3 Be7 8. 0-0 cxd4 9. exd4 0-0 10. Re1 h6 11. Bh4 Nd5 12. Bg3 Rc8 13. Nc4 d6 14. Qe2 Qd7 15. Ncd2 Rce8 16. Nc4 Rc8 17. Ne3 Nf6 18. Rad1 Rfe8 19. Nd2 Bf8 20. Ne4 Nh7 21. Bc2 f5 22. Nd2 g6 23. Qd3 Kh8 24. d5 Ne5 25. Bxe5+ dxe5 26. dxe6 Qxd3 27. Bxd3 Rcd8 28. Bc4 Ng5 29. Nb3 Nxe6 30. Nd5 Bg7 31. Nb4 Nf4 32. f3 a5 33. Nc2 e4 34. Nbd4 Bf8 35. Bb5 Re5 36. Bc6 Bxc6 37. Nxc6 Rxd1 38. Rxd1 Bc5+ 39. N6d4 exf3 40. gxf3 Re2 41. b4 axb4 42. Nxb4 Bxb4 43. cxb4 Rxa2 44. Nc6 Kg8 45. Kh1 Rc2 46. Ne5 Kg7 47. Nd3 Nxd3 48. Rxd3 Rb2 49. Rd7+ Kf6 50. Rd6+ Kg5 51. Rxb6 Rf2 52. Rc6 Rxf3 53. Kg2 Rb3 54. Rc4 Kh5 55. h3 g5 56. Kh2 f4 57. Kg2 Kh4 58. Rc6 h5 59. Rh6 Rxb4 60. Kh2 Rb2+ 61. Kg1 Kxh3 62. Rxh5+ Kg4 0-1